LOTR:How did the character die? - Statistics

General Stats
  • This quiz has been taken 78 times
    9 since last reset
  • The average score is 7 of 16
Answer Stats
Question Answer % Correct
How did Boromir die? Shot by an Uruk-Hai with 3 arrows to the chest near the Falls of Rauros
88%
How did Beleg Cuthalion die in Narn i Hin Hurin? Accidentally killed by Turin
50%
How did Elros die? Became weary of life and moved along at an old age
50%
How did Celebrimbor die? He was captured, tortured, and killed by Sauron
50%
How did Huan die? He was mortally wounded by Carcaroth
50%
How did Fingolfin die? His neck was broken by Morgoths foot
50%
How did Celegorm, Caranthir, and Curufin die? They were defeated by Dior
50%
How did Fingon die? Was defeated by Gothmog and his Balrogs during the Nirnaeth Arnoediad
50%
How did Turgon die? A tower collapsed around him during the Fall of Gondolin
38%
How did Maehdros perish in the Silmarillion? He cast himself into a fiery chasm in agony
38%
How did Elu Thingol die? He was murdered by the dwarves of Nargorthrond
38%
What was the fate of Finrod Felagund? Is mortally wounded by werewolves after saving Beren's life
38%
How did Aredhel die? She was murdered by her husband with a poison javelin.
38%
How did Mim the Dwarf die? Hurin killed him
25%
How did Turin Turambar die? He flung himself onto Gurthang
13%
How did Pityafinwe and Telufiwe die? They were killed during the third kinslaying
13%
No matching quizzes found
Score Distribution
Percent of People with Each Score
Percentile by Number Answered
Your Score History
You have not taken this quiz since the last reset